000 00963cam a2200289 a 4500
001 4275165
005 20260212113952.0
008 841005s1978 enk b 000 0 eng c
020 _a0850362202 (pbK)
020 _a0850362210
020 _a9780850362206
020 _a9780850362213
035 _a4275165
082 _a306 CON
100 1 _aConstantino, Renato.
245 1 0 _aNeocolonial identity and counter-consciousness :
_bessays on cultural deconization /
_cby Renato Constantino ; edited with an introduction by István Mészáros.
260 _aLondon :
_bMerlin Press,
_c1978.
300 _a307 p. ;
_c23 cm.
440 0 _aInternational library of social and political thought
504 _aBibliography: p. 82-92
650 0 _aNationalism
_zPhilippines.
650 0 _aNational characteristics, Philippine.
650 0 _aImperialism.
651 0 _aPhilippines
_xCivilization.
700 1 _aMészáros, István,
_d1930-
942 _2ddc
_cBK
999 _c13567
_d13567